The cat that hates milk

Bibliographic Details
Main Author: Naima Gany Shaik Dawood
Corporate Authors: Series, Title
Format: Book
Published: Selangor : Nikaz publication , 2006
Series:Farmer Roy's tenants
Subjects:

MARC

LEADER 00000cam a2200000 7i4500
001 0000001680
005 20220105103924.0
008 070706
020 |a 9831881508(set) 
020 |a 9831881575 
090 0 0 |a JP   |b ENG (2145) 
100 0 |a Naima Gany Shaik Dawood 
245 1 4 |a The cat that hates milk   |c Naima Gany Shaik Dawood 
260 |a Selangor :   |b Nikaz publication ,   |c 2006 
440 0 |a Farmer Roy's tenants 
500 |a Children age 4-6 years old (yellow) 
650 0 |a Animals   |x Fiction 
650 0 |a Children stories, English 
710 0 |a Series 
710 0 |a Title 
999 |a 0000962563   |b Book   |c Children Collection   |e Cawangan Mersing 
999 |a 0000962564   |b Book   |c Children Collection   |e Perbadanan Perpustakaan Awam Johor 
999 |a 0000962565   |b Book   |c Children Collection   |e Cawangan Bandar Penawar 
999 |a 0000963394   |b Book   |c Children Collection   |e Cawangan Taman Universiti 
999 |a 0001147791   |b Book   |c Children Collection   |e Cawangan Segamat 
999 |a 0001147796   |b Book   |c Children Collection   |e Cawangan Pontian 
999 |a 0001147850   |b Book   |c Children Collection   |e Cawangan Kota Tinggi 
999 |a 0001147853   |b Book   |c Children Collection   |e Cawangan Pontian